000 01318nam a22002777a 4500
001 1464
005 20231002134343.0
020 _a9789995054175
040 _aFISKH
_beng
_cFISKH
_dFISKH
082 _a636.9323
100 _aDary, Heng
245 _aការចិញ្ចឹមជ្រូកមេ /
250 _aបោះពុម្ពលើកទី ៦ មករា ២០២១
260 _aPhnom Penh :
_bSipar,
_c2021.
300 _a40 pages :
_bcolor illustrations ;
_c28 cm
490 _aបំណិនជីវិត
505 _aZ'
520 _aបង្ហាញពីរ​បៀបធ្វើទ្រុង​ រហូតដល់ការថែទាំសុខភាពជ្រូក និងមានវិធីធ្វើម្ហូបសាមញ្ញៗពីសាច់ជ្រូក សម្រាប់បរិភោគក្នងុគ្រួសារ។
520 _aDemonstrate how to make a cage, take care of pigs and simple recipes from pork for family consumption.
521 _a1120
_bLexile estimate
521 _aZ'
_bRaz-Plus
650 _aជ្រូកមេ
_vសាច់ជ្រូក
_xម្ហូប
650 _aFemale
_vPork
_xFood
700 _aSophaleap, Nhoek
_cillustrator
942 _2ddc
_cBK
_n0
999 _c1464
_d1464